000
00315nam a2200145Ia 4500
100
_a
Chaudhaary/K.R/ Jain/D.R
942
_c
BK
654
_a
statics
245
_a
Elements of Statics
260
_b
S.Chand and Co.
_a
New Delhi
_c
1981
082
_a
531.12
_b
CHA
300
_a
312
546
_a
ENGLISH
999
_c
27774
_d
27774